Statistiche per Riconosci gli animali italiani dalla foto

Clicka qui per fare il quiz!

Statistiche generali

  • Questo quiz è stato fatto 125 volte
  • Il punteggio medio è 48 su 115

Statistiche sulle risposte

Risposta% Corretto
Pipistrello
99%
Talpa
96%
Volpe
96%
Lupo
95%
Riccio
94%
Gatto selvatico
93%
Orca
89%
Delfino comune
88%
Lince
86%
Coniglio
81%
Lepre
81%
Orso bruno
81%
Cinghiale
80%
Fenicottero
80%
Gufo
80%
Piccione
80%
Cigno
79%
Scoiattolo
79%
Tasso
78%
Cervo
75%
Gabbiano
73%
Castoro
71%
Stambecco
71%
Civetta
70%
Lontra
70%
Camaleonte
68%
Aquila reale
66%
Balenottera comune
65%
Ermellino
65%
Istrice
65%
Rospo
65%
Lucertola
64%
Rana
64%
Capodoglio
63%
Cigno nero
63%
Oca selvatica
63%
Corvo
60%
Tartaruga palustre
59%
Geco
58%
Barbagianni
56%
Tartaruga marina
55%
Pettirosso
53%
Topo
53%
Airone cenerino
51%
Marmotta
51%
Toporagno
51%
Picchio
50%
Salamandra
49%
Gazza
48%
Vipera
48%
Fagiano
46%
Quaglia
46%
Cicogna
45%
Donnola
44%
Merlo
44%
Ratto
41%
Nutria
40%
Camoscio
39%
Foca monaca
39%
Germano reale
39%
Daino
38%
Capriolo
36%
Faina
36%
Passero
36%
Testuggine
36%
Rondine
34%
Martin pescatore
29%
Muflone
29%
Upupa
29%
Tortora
28%
Gallo cedrone
26%
Sciacallo dorato
26%
Biscia
25%
Raganella
25%
Cormorano
23%
Cornacchia
23%
Ramarro
23%
Tritone
23%
Allocco
20%
Falco pellegrino
20%
Grifone
19%
Ghiro
18%
Folaga
16%
Pernice
16%
Poiana
16%
Puzzola
16%
Vipera cornuta
16%
Cinciallegra
15%
Colombaccio
15%
Gallinella d'acqua
15%
Tursiope
15%
Cavaliere d'Italia
14%
Rana toro
14%
Falco pescatore
13%
Cuculo
11%
Martora
10%
Sula
10%
Beccaccia
9%
Fringuello
8%
Gheppio
8%
Gipeto
8%
Rondone
8%
Usignolo
8%
Scricciolo
6%
Allodola
5%
Assiolo
5%
Nibbio
5%
Sparviero
5%
Arvicola
4%
Astore
4%
Sterna
4%
Tordo
4%
Capinera
3%
Chiurlo
3%
Gracchio
1%

Distribuzione punteggi

Percentile per numero di risposta

Percentuale di utenti per punteggio

I tuoi punteggi nel tempo

Non hai fatto questo quiz